[Event "ESP-ch U10"]
[Site "Salobrena"]
[Date "2024.07.06"]
[Round "9"]
[White "Vitoria Moreno, Dario"]
[Black "Acosta Salmeron, Hector"]
[Result "1-0"]
[WhiteElo "1540"]
[BlackElo "1431"]
[PlyCount "65"]
[EventDate "2024.07.01"]
[EventType "swiss"]
[EventRounds "9"]
[EventCountry "ESP"]
[SourceTitle "EXT 2025"]
[Source "ChessBase"]
[SourceDate "2024.10.14"]
[SourceVersion "1"]
[SourceVersionDate "2024.10.14"]
[SourceQuality "1"]

1. e4 e5 2. Bc4 Nc6 3. Nf3 Nd4 4. Nxd4 exd4 5. d3 Nf6 6. Bg5 Be7 7. 0-0 0-0 8. Nd2 Nxe4 9. Bxe7 Qxe7 10. Nxe4 Qd8 11. Ng3 d5 12. Bb3 Re8 13. Re1 c6 14. Rxe8+ Qxe8 15. Qe1 Be6 16. Qd2 Qd7 17. Re1 c5 18. a3 c4 19. Ba2 b5 20. Ne2 Re8 21. Nxd4 h6 22. Nxe6 Rxe6 23. Rxe6 Qxe6 24. h3 Qf6 25. c3 cxd3 26. Qxd3 Qf4 27. Qe3 Qa4 28. Qe8+ Kh7 29. Bb1+ g6 30. Qxf7+ Kh8 31. Bxg6 Qd1+ 32. Kh2 Qe2 33. Qh7# 1-0

[Event "ESP-ch U10"]
[Site "Salobrena"]
[Date "2024.07.04"]
[Round "6"]
[White "Acosta Salmeron, Hector"]
[Black "Garcia Amelibia, Luis"]
[Result "0-1"]
[WhiteElo "1431"]
[BlackElo "1506"]
[PlyCount "98"]
[EventDate "2024.07.01"]
[EventType "swiss"]
[EventRounds "9"]
[EventCountry "ESP"]
[SourceTitle "EXT 2025"]
[Source "ChessBase"]
[SourceDate "2024.10.14"]
[SourceVersion "1"]
[SourceVersionDate "2024.10.14"]
[SourceQuality "1"]

1. e4 e5 2. Nf3 Nc6 3. Bc4 Nf6 4. Ng5 d5 5. exd5 Nd4 6. c3 b5 7. Bf1 Nxd5 8. cxd4 Qxg5 9. Bxb5+ Bd7 10. Bxd7+ Kxd7 11. 0-0 Bd6 12. d3 Qh4 13. h3 exd4 14. Qg4+ Qxg4 15. hxg4 Rhe8 16. Nd2 Re2 17. Nc4 Be7 18. Bd2 Nb6 19. Rfe1 Rxe1+ 20. Rxe1 Nxc4 21. dxc4 Rb8 22. b3 Rb6 23. g3 Ra6 24. a3 Rxa3 25. Rxe7+ Kd8 26. Rxf7 Rxb3 27. Rxg7 d3 28. Bg5+ Kc8 29. Rxh7 Rb2 30. Rh8+ Kb7 31. Rd8 Rb3 32. Bf4 a5 33. Bd2 a4 34. Bh6 a3 35. Bg7 a2 36. Re8 d2 37. Rd8 Rb1+ 38. Kg2 d1Q 39. Rxd1 Rxd1 40. g5 Rd8 41. f4 Kc6 42. f5 Kc5 43. f6 a1Q 44. Kh3 Qd4 45. g4 Rd7 46. Bf8+ Kxc4 47. Kh4 Rh7+ 48. Kg3 Qe3+ 49. Kg2 Qxg5 0-1

[Event "ESP-ch U10"]
[Site "Salobrena"]
[Date "2024.07.03"]
[Round "5"]
[White "Acosta Salmeron, Hector"]
[Black "Cubilledo Mendoza, Ibai"]
[Result "1-0"]
[WhiteElo "1431"]
[BlackElo "1516"]
[PlyCount "41"]
[EventDate "2024.07.01"]
[EventType "swiss"]
[EventRounds "9"]
[EventCountry "ESP"]
[SourceTitle "EXT 2025"]
[Source "ChessBase"]
[SourceDate "2024.10.14"]
[SourceVersion "1"]
[SourceVersionDate "2024.10.14"]
[SourceQuality "1"]

1. e4 c5 2. Nc3 Nf6 3. Bc4 a6 4. a4 d6 5. f4 Nc6 6. Nf3 Bd7 7. 0-0 Nd4 8. Re1 Bg4 9. Be2 Nxe2+ 10. Qxe2 e5 11. h3 Bxf3 12. Qxf3 Be7 13. d3 0-0 14. Be3 Qd7 15. fxe5 dxe5 16. Qg3 Rfe8 17. Bh6 Bf8 18. Bg5 Qd4+ 19. Kh1 Nd7 20. Nd5 Rac8 21. c3 1-0

[Event "ESP-ch U10"]
[Site "Salobrena"]
[Date "2024.07.02"]
[Round "3"]
[White "Ibanez Cabrer, Unai"]
[Black "Acosta Salmeron, Hector"]
[Result "1-0"]
[WhiteElo "1542"]
[BlackElo "1431"]
[PlyCount "39"]
[EventDate "2024.07.01"]
[EventType "swiss"]
[EventRounds "9"]
[EventCountry "ESP"]
[SourceTitle "EXT 2025"]
[Source "ChessBase"]
[SourceDate "2024.10.14"]
[SourceVersion "1"]
[SourceVersionDate "2024.10.14"]
[SourceQuality "1"]

1. e4 e5 2. Nf3 Nc6 3. Bc4 Bc5 4. c3 Nf6 5. d4 exd4 6. cxd4 Bb4+ 7. Nc3 Nxe4 8. 0-0 Nxc3 9. bxc3 Bxc3 10. Qb3 Bxa1 11. Bxf7+ Kf8 12. Bg5 Ne7 13. Ne5 d6 14. Bg6 d5 15. Qf3+ Bf5 16. Bxf5 Nxf5 17. Qxf5+ Qf6 18. Bxf6 Ke8 19. Qd7+ Kf8 20. Qf7# 1-0